01072nam a22002534c 4500003000900000008004100009020001800050040002500068041001800093080001100111100002000122245002400142264003200166300004100198336002700239337003300266338002800299490002800327520035500355521002400710650004300734650001100777700003000788AR-BaSMT240627b2022 enka|||ar|||| 000 1 ing d a9781474918480 aBSGBbespañolerda0 ainghInglés a82-34 1 aPunter, Russell10aGiraffe in the bath aLondres : bUsrborne,c2022 a24 páginas ; bilustraciones color 2rdacontentatextobtxt 2rdamediaasin mediaciónbn 2rdacarrieravolumenbnc aUsborne Phonics Readers aGiraffe is all set for a soak in the tub after a hard day's work '“ but no one will leave her in peace! This lively rhyming story, containing vivid illustrations and phonic repetition, is specially written for children who are learning to read. A delight to share with young children, and there are parents notes on phonics at the back of the book. aJardín / Primaria 7aLITERATURA INFANTILvInglésxPhonics 7aCUENTO1 aSemple, DavideIlustrador